Sports Quiz

Random Sports or Baseball Quiz
Score 0/11 Timer 07:00
0 Plays Today
Year Name % Correct
1976Rod Carew
97.7%
1922Max Carey
47.7%
1923Charlie Jamieson
27.3%
1920Ross Youngs
25%
1945Goody Rosen
20.5%
1922Jake Daubert
18.2%
1922Carson Bigbee
13.6%
1901Jesse Burkett
0%
1899Chick Stahl
0%
1895Jesse Burkett
0%
1894Billy Hamilton
0%
Remove Ads.
Support Sporcle.
Get the best of Sporcle when you Go Orange. This ad-free experience offers more features, more stats, and more fun while also helping to support Sporcle. Thank you for becoming a member.

You're not logged in!

Compare scores with friends on all Sporcle quizzes.
OR
Log In

Show Comments

Extras

Created Jul 29, 2016ReportNominate
Tags:Baseball Quiz, MLB Quiz

Top Quizzes Today


Score Distribution

Your Account Isn't Verified!

In order to create a playlist on Sporcle, you need to verify the email address you used during registration. Go to your Sporcle Settings to finish the process.

Report this User

Report this user for behavior that violates our Community Guidelines.

Details: